Maybe Tomorrow /
Winner, ANA Drama Prize, 2014, Maybe Tomorrow is a drama that conveys the searing anger of a new generation in Nigeria. Soji Cole is a member of the faculty of arts of the University of Ibadan.
| Clasificación: | Libro Electrónico |
|---|---|
| Autor principal: | |
| Formato: | Electrónico eBook |
| Idioma: | Inglés |
| Publicado: |
Baltimore, Maryland :
Project Muse,
2015
|
| Colección: | Drama (Ibadan, Nigeria)
Book collections on Project MUSE. |
| Temas: | |
| Acceso en línea: | Texto completo |
MARC
| LEADER | 00000cam a22000004a 4500 | ||
|---|---|---|---|
| 001 | musev2_39693 | ||
| 003 | MdBmJHUP | ||
| 005 | 20230905044150.0 | ||
| 006 | m o d | ||
| 007 | cr||||||||nn|n | ||
| 008 | 150713r20152013ng o 00 0 eng d | ||
| 020 | |a 9789789182602 | ||
| 020 | |z 9789789180806 | ||
| 035 | |a (OCoLC)933516588 | ||
| 040 | |a MdBmJHUP |c MdBmJHUP | ||
| 043 | |a f-nr--- | ||
| 050 | 4 | |a PR9387.9.C665 |b M39 2013 | |
| 100 | 1 | |a Cole, Soji, |e author. | |
| 245 | 1 | 0 | |a Maybe Tomorrow / |c Soji Cole. |
| 264 | 1 | |a Baltimore, Maryland : |b Project Muse, |c 2015 | |
| 264 | 3 | |a Baltimore, Md. : |b Project MUSE, |c 2016 | |
| 264 | 4 | |c ©2015 | |
| 300 | |a 1 online resource (80 pages). | ||
| 336 | |a text |b txt |2 rdacontent | ||
| 337 | |a computer |b c |2 rdamedia | ||
| 338 | |a online resource |b cr |2 rdacarrier | ||
| 490 | 0 | |a Drama | |
| 500 | |a Play. | ||
| 500 | |a "Kraftgriots (A literary imprint of Kraft Books Limited)"--Title page verso. | ||
| 500 | |a Issued as part of book collections on Project MUSE. | ||
| 506 | |a Access restricted to authorized users and institutions. | ||
| 520 | |a Winner, ANA Drama Prize, 2014, Maybe Tomorrow is a drama that conveys the searing anger of a new generation in Nigeria. Soji Cole is a member of the faculty of arts of the University of Ibadan. | ||
| 588 | |a Description based on print version record. | ||
| 650 | 0 | |a Political violence |z Nigeria |v Drama. | |
| 655 | 7 | |a Electronic books. |2 local | |
| 710 | 2 | |a Project Muse, |e distributor. | |
| 776 | 1 | 8 | |i Print version: |z 9789789180806 |
| 710 | 2 | |a Project Muse. |e distributor | |
| 830 | 0 | |a Drama (Ibadan, Nigeria) | |
| 830 | 0 | |a Book collections on Project MUSE. | |
| 856 | 4 | 0 | |z Texto completo |u https://projectmuse.uam.elogim.com/book/39693/ |
| 945 | |a Project MUSE - Custom Collection | ||
| 945 | |a Project MUSE - Archive Complete Supplement IV | ||
| 945 | |a Project MUSE - Archive Poetry, Fiction and Creative Non-Fiction Supplement IV | ||
| 945 | |a Project MUSE - Archive African Studies Supplement III | ||


